[Event "2024 National Elementary (K-6) Championship"]
[Site "Columbus, Ohio, United States"]
[Date "????.??.??"]
[Round "1.11"]
[White "Guo, Ethan"]
[Black "Wang, Devin V"]
[Result "1-0"]
[TimeControl "G/90; d10"]
[WhiteTitle "CM"]
[WhiteFideId "30976359"]
[WhiteElo "2248"]
[BlackElo "1510"]

1. e4 {[%clk 01:30:00]} {[%emt 00:00:02]} e5 {[%clk 01:29:58]} {[%emt
00:00:12]} 2. Nf3 {[%clk 01:30:00]} {[%emt 00:00:05]} Nc6 {[%clk 01:29:57]}
{[%emt 00:00:10]} 3. Bb5 {[%clk 01:30:00]} {[%emt 00:00:04]} Bc5 {[%clk
01:29:27]} {[%emt 00:00:41]} 4. O-O {[%clk 01:29:09]} {[%emt 00:01:01]} d6
{[%clk 01:23:42]} {[%emt 00:05:56]} 5. d4 {[%clk 01:27:57]} {[%emt 00:01:22]}
exd4 {[%clk 01:19:05]} {[%emt 00:04:47]} 6. Nxd4 {[%clk 01:27:51]} {[%emt
00:00:15]} Bd7 {[%clk 01:15:07]} {[%emt 00:04:08]} 7. Nxc6 {[%clk 01:23:55]}
{[%emt 00:04:06]} Bxc6 {[%clk 01:11:54]} {[%emt 00:03:23]} 8. Bxc6+ {[%clk
01:23:39]} {[%emt 00:00:26]} bxc6 {[%clk 01:11:54]} {[%emt 00:00:08]} 9. Qg4
{[%clk 01:12:27]} {[%emt 00:11:22]} Qf6 {[%clk 01:04:02]} {[%emt 00:08:02]} 10.
Nc3 {[%clk 01:11:41]} {[%emt 00:00:57]} Qg6 {[%clk 00:59:58]} {[%emt 00:04:13]}
11. Qf3 {[%clk 01:10:53]} {[%emt 00:00:59]} Ne7 {[%clk 00:54:38]} {[%emt
00:05:29]} 12. Na4 {[%clk 01:07:21]} {[%emt 00:03:43]} Bd4 {[%clk 00:50:02]}
{[%emt 00:04:45]} 13. c3 {[%clk 01:05:22]} {[%emt 00:02:10]} Bf6 {[%clk
00:47:04]} {[%emt 00:03:07]} 14. Qe2 {[%clk 01:02:44]} {[%emt 00:02:47]} a6
{[%clk 00:43:25]} {[%emt 00:03:51]} 15. f4 {[%clk 01:02:20]} {[%emt 00:00:33]}
h6 {[%clk 00:38:36]} {[%emt 00:04:59]} 16. f5 {[%clk 01:00:00]} {[%emt
00:02:30]} Qh7 {[%clk 00:37:54]} {[%emt 00:00:53]} 17. Bf4 {[%clk 00:59:38]}
{[%emt 00:00:32]} Be5 {[%clk 00:32:14]} {[%emt 00:05:49]} 18. Bxe5 {[%clk
00:57:13]} {[%emt 00:02:36]} dxe5 {[%clk 00:32:14]} {[%emt 00:00:07]} 19. Nc5
{[%clk 00:56:36]} {[%emt 00:00:47]} a5 {[%clk 00:23:55]} {[%emt 00:08:29]} 20.
Rad1 {[%clk 00:55:23]} {[%emt 00:01:22]} O-O {[%clk 00:13:33]} {[%emt
00:10:32]} 21. Rd7 {[%clk 00:55:09]} {[%emt 00:00:24]} Rfe8 {[%clk 00:11:07]}
{[%emt 00:02:36]} 22. Rxc7 {[%clk 00:54:45]} {[%emt 00:00:34]} Rac8 {[%clk
00:09:35]} {[%emt 00:01:43]} 23. Rxc8 {[%clk 00:54:21]} {[%emt 00:00:34]} Nxc8
{[%clk 00:08:31]} {[%emt 00:01:14]} 24. Rd1 {[%clk 00:54:19]} {[%emt 00:00:12]}
h5 {[%clk 00:07:02]} {[%emt 00:01:39]} 25. Qd2 {[%clk 00:53:26]} {[%emt
00:01:03]} Qh6 {[%clk 00:05:44]} {[%emt 00:01:29]} 26. Qxh6 {[%clk 00:52:55]}
{[%emt 00:00:40]} gxh6 {[%clk 00:05:44]} {[%emt 00:00:08]} 27. Kf2 {[%clk
00:52:55]} {[%emt 00:00:04]} Nb6 {[%clk 00:04:59]} {[%emt 00:00:54]} 28. b3
{[%clk 00:52:17]} {[%emt 00:00:49]} a4 {[%clk 00:04:40]} {[%emt 00:00:30]} 29.
Rd6 {[%clk 00:47:52]} {[%emt 00:04:34]} axb3 {[%clk 00:04:20]} {[%emt
00:00:30]} 30. axb3 {[%clk 00:47:52]} {[%emt 00:00:06]} Rc8 {[%clk 00:03:30]}
{[%emt 00:01:01]} 31. Rxh6 {[%clk 00:47:52]} {[%emt 00:00:08]} Kg7 {[%clk
00:03:27]} {[%emt 00:00:13]} 32. Rxh5 {[%clk 00:47:46]} {[%emt 00:00:16]} Ra8
{[%clk 00:03:15]} {[%emt 00:00:22]} 33. f6+ {[%clk 00:47:15]} {[%emt 00:00:41]}
Kg6 {[%clk 00:02:57]} {[%emt 00:00:28]} 34. Rxe5 {[%clk 00:46:29]} {[%emt
00:00:56]} Kxf6 {[%clk 00:02:57]} {[%emt 00:00:08]} 35. Rf5+ {[%clk 00:46:29]}
{[%emt 00:00:06]} Kg6 {[%clk 00:02:51]} {[%emt 00:00:17]} 36. Ke3 {[%clk
00:46:25]} {[%emt 00:00:13]} Re8 {[%clk 00:02:24]} {[%emt 00:00:37]} 37. g4
{[%clk 00:45:51]} {[%emt 00:00:44]} Nd5+ {[%clk 00:02:19]} {[%emt 00:00:15]} 38.
Kd4 {[%clk 00:45:02]} {[%emt 00:00:59]} Nf6 {[%clk 00:02:12]} {[%emt 00:00:17]}
39. h3 {[%clk 00:44:42]} {[%emt 00:00:30]} Rh8 {[%clk 00:02:10]} {[%emt
00:00:12]} 40. Rf3 {[%clk 00:44:30]} {[%emt 00:00:22]} Rd8+ {[%clk 00:02:09]}
{[%emt 00:00:11]} 41. Ke3 {[%clk 00:43:27]} {[%emt 00:01:12]} Re8 {[%clk
00:02:07]} {[%emt 00:00:13]} 42. Kf4 {[%clk 00:42:57]} {[%emt 00:00:39]} Re7
{[%clk 00:01:34]} {[%emt 00:00:43]} 43. h4 {[%clk 00:42:54]} {[%emt 00:00:13]}
Ne8 {[%clk 00:01:32]} {[%emt 00:00:13]} 44. e5 {[%clk 00:42:27]} {[%emt
00:00:37]} Ng7 {[%clk 00:01:09]} {[%emt 00:00:33]} 45. Ke4 {[%clk 00:42:12]}
{[%emt 00:00:24]} Ne8 {[%clk 00:00:50]} {[%emt 00:00:30]} 46. Kf4 {[%clk
00:41:41]} {[%emt 00:00:41]} Nc7 {[%clk 00:00:45]} {[%emt 00:00:15]} 47. c4
{[%clk 00:41:41]} {[%emt 00:00:10]} Re8 {[%clk 00:00:33]} {[%emt 00:00:22]} 48.
h5+ {[%clk 00:41:41]} {[%emt 00:00:08]} Kg7 {[%clk 00:00:31]} {[%emt 00:00:12]}
49. Rd3 {[%clk 00:41:37]} {[%emt 00:00:14]} Re7 {[%clk 00:00:15]} {[%emt
00:00:27]} 50. g5 {[%clk 00:41:33]} {[%emt 00:00:13]} Kh7 {[%clk 00:00:15]}
{[%emt 00:00:04]} 51. Kf5 {[%clk 00:41:33]} {[%emt 00:00:09]} Kg7 {[%clk
00:00:15]} {[%emt 00:00:06]} 52. h6+ {[%clk 00:41:33]} {[%emt 00:00:09]} Kh7
{[%clk 00:00:15]} {[%emt 00:00:01]} 53. Kf6 {[%clk 00:41:32]} {[%emt 00:00:12]}
Re8 {[%clk 00:00:07]} {[%emt 00:00:18]} 54. Rd7 {[%clk 00:41:32]} {[%emt
00:00:08]} Ne6 {[%clk 00:00:07]} {[%emt 00:00:02]} 55. Rxf7+ {[%clk 00:41:31]}
{[%emt 00:00:10]} Kg8 {[%clk 00:00:07]} 56. Nxe6 {[%clk 00:41:27]} {[%emt
00:00:15]} c5 {[%clk 00:00:07]} {[%emt 00:00:04]} 57. g6 {[%clk 00:40:59]}
{[%emt 00:00:37]} Rb8 {[%clk 00:00:07]} {[%emt 00:00:11]} 58. b4 {[%clk
00:40:27]} {[%emt 00:00:42]} Rc8 {[%clk 00:00:02]} {[%emt 00:00:15]} 59. h7+
{[%clk 00:40:23]} {[%emt 00:00:15]} Kh8 {[%clk 00:00:02]} 60. Rf8+ {[%clk
00:40:18]} {[%emt 00:00:14]} Rxf8+ {[%clk 00:00:02]} {[%emt 00:00:02]} 61. Nxf8
{[%clk 00:40:18]} {[%emt 00:00:08]} cxb4 {[%clk 00:00:02]} {[%emt 00:00:03]} 62.
g7# {[%clk 00:40:05]} {[%emt 00:00:23]} 1-0

[Event "2024 National Elementary (K-6) Championship"]
[Site "Columbus, Ohio, United States"]
[Date "????.??.??"]
[Round "1.12"]
[White "Badawi, Jude"]
[Black "Radhakrishnan, Sharath"]
[Result "0-1"]
[TimeControl "G/90; d10"]
[BlackFideId "39900452"]
[WhiteElo "1509"]
[BlackElo "2205"]

1. e4 {[%clk 01:30:00]} e5 {[%clk 01:30:00]} {[%emt 00:00:09]} 2. Nf3 {[%clk
01:30:00]} {[%emt 00:00:08]} Nc6 {[%clk 01:30:00]} {[%emt 00:00:04]} 3. Bb5
{[%clk 01:29:50]} {[%emt 00:00:20]} a6 {[%clk 01:30:00]} {[%emt 00:00:06]} 4.
Bxc6 {[%clk 01:29:09]} {[%emt 00:00:51]} dxc6 {[%clk 01:30:00]} {[%emt
00:00:08]} 5. d3 {[%clk 01:28:48]} {[%emt 00:00:31]} Bd6 {[%clk 01:29:07]}
{[%emt 00:01:02]} 6. Be3 {[%clk 01:25:43]} {[%emt 00:03:16]} Ne7 {[%clk
01:25:25]} {[%emt 00:03:52]} 7. Nc3 {[%clk 01:24:19]} {[%emt 00:01:34]} O-O
{[%clk 01:24:36]} {[%emt 00:00:57]} 8. O-O {[%clk 01:23:31]} {[%emt 00:00:59]}
c5 {[%clk 01:19:50]} {[%emt 00:04:57]} 9. Ne2 {[%clk 01:16:20]} {[%emt
00:07:20]} f6 {[%clk 01:06:12]} {[%emt 00:13:49]} 10. Ng3 {[%clk 01:13:42]}
{[%emt 00:02:48]} Be6 {[%clk 01:03:23]} {[%emt 00:02:59]} 11. c4 {[%clk
01:10:49]} {[%emt 00:03:04]} Qd7 {[%clk 01:00:44]} {[%emt 00:02:48]} 12. Re1
{[%clk 01:02:03]} {[%emt 00:08:56]} Kh8 {[%clk 00:55:30]} {[%emt 00:05:24]} 13.
Qe2 {[%clk 00:57:18]} {[%emt 00:04:55]} Rad8 {[%emt 00:05:39]} 14. h3 {[%clk
00:52:24]} {[%emt 00:01:21]} g5 {[%clk 00:46:32]} {[%emt 00:07:22]} 15. Nh2
{[%clk 00:50:14]} {[%emt 00:02:20]} Ng6 {[%clk 00:46:05]} {[%emt 00:00:37]} 16.
Qf3 {[%clk 00:47:12]} {[%emt 00:03:11]} Nf4 {[%clk 00:44:41]} {[%emt 00:01:36]}
17. Bxf4 {[%clk 00:45:49]} {[%emt 00:01:32]} exf4 {[%clk 00:44:19]} {[%emt
00:00:32]} 18. Ngf1 {[%clk 00:42:54]} {[%emt 00:03:04]} Be5 {[%clk 00:44:14]}
{[%emt 00:00:17]} 19. Red1 {[%clk 00:40:47]} {[%emt 00:02:16]} Bxb2 {[%clk
00:43:24]} {[%emt 00:01:01]} 20. Rab1 {[%clk 00:39:34]} {[%emt 00:01:23]} Be5
{[%clk 00:43:24]} {[%emt 00:00:08]} 21. Rxb7 {[%clk 00:38:48]} {[%emt
00:00:56]} Bxc4 {[%clk 00:42:10]} {[%emt 00:01:23]} 22. a3 {[%clk 00:37:21]}
{[%emt 00:01:37]} Bb5 {[%clk 00:40:59]} {[%emt 00:01:21]} 23. Rb1 {[%clk
00:33:03]} {[%emt 00:04:28]} Bxd3 {[%clk 00:40:03]} {[%emt 00:01:07]} 24. Rd1
{[%clk 00:31:03]} {[%emt 00:02:09]} c4 {[%clk 00:39:35]} {[%emt 00:00:38]} 25.
Nd2 {[%clk 00:27:17]} {[%emt 00:03:57]} Qc6 {[%clk 00:39:32]} {[%emt 00:00:12]}
26. Rb4 {[%clk 00:26:03]} {[%emt 00:01:24]} a5 {[%clk 00:38:47]} {[%emt
00:00:55]} 27. Rbb1 {[%clk 00:25:12]} {[%emt 00:01:02]} Bxb1 {[%clk 00:38:09]}
{[%emt 00:00:48]} 28. Nxb1 {[%clk 00:24:59]} {[%emt 00:00:23]} c3 {[%clk
00:38:07]} {[%emt 00:00:11]} 29. Rxd8 {[%clk 00:24:36]} {[%emt 00:00:33]} Rxd8
{[%clk 00:38:07]} {[%emt 00:00:07]} 30. Ng4 {[%clk 00:23:42]} {[%emt 00:01:03]}
c2 {[%clk 00:38:07]} {[%emt 00:00:08]} 31. Nxe5 {[%emt 00:00:23]} cxb1=Q+
{[%clk 00:37:57]} {[%emt 00:00:12]} 32. Kh2 {[%clk 00:23:30]} {[%emt 00:00:17]}
fxe5 {[%clk 00:37:51]} {[%emt 00:00:16]} 33. Qg4 {[%clk 00:23:15]} {[%emt
00:00:26]} Qbxe4 {[%clk 00:37:46]} {[%emt 00:00:15]} 34. Qxg5 {[%clk 00:22:52]}
{[%emt 00:00:33]} Rg8 {[%clk 00:36:47]} {[%emt 00:01:08]} 35. Qf6+ {[%clk
00:22:22]} {[%emt 00:00:40]} Qxf6 {[%clk 00:36:47]} {[%emt 00:00:06]} 36. g3
{[%clk 00:22:22]} {[%emt 00:00:04]} Qh4 {[%clk 00:36:46]} {[%emt 00:00:11]} 37.
a4 {[%clk 00:22:22]} {[%emt 00:00:09]} Qxh3+ {[%clk 00:36:46]} {[%emt
00:00:09]} 38. Kxh3 {[%clk 00:22:22]} {[%emt 00:00:05]} Qh1# {[%clk 00:36:42]}
{[%emt 00:00:13]} 0-1

[Event "2024 National Elementary (K-6) Championship"]
[Site "Columbus, Ohio, United States"]
[Date "????.??.??"]
[Round "1.13"]
[White "Wang, Ted"]
[Black "Choi, Colton Ascher"]
[Result "1-0"]
[TimeControl "G/90; d10"]
[WhiteFideId "30990459"]
[WhiteElo "2130"]
[BlackElo "1496"]

1. e4 {[%clk 01:30:00]} c5 {[%clk 01:29:58]} {[%emt 00:00:10]} 2. c3 {[%clk
01:29:52]} {[%emt 00:00:19]} d5 {[%clk 01:29:58]} {[%emt 00:00:03]} 3. exd5
{[%clk 01:29:52]} {[%emt 00:00:05]} Qxd5 {[%clk 01:29:54]} {[%emt 00:00:09]} 4.
Nf3 {[%clk 01:29:52]} {[%emt 00:00:12]} g6 {[%clk 01:29:48]} {[%emt 00:00:11]}
5. d4 {[%clk 01:29:43]} {[%emt 00:00:28]} Bg7 {[%clk 01:29:47]} {[%emt
00:00:04]} 6. Na3 {[%clk 01:29:19]} {[%emt 00:00:32]} cxd4 {[%clk 01:29:25]}
{[%emt 00:00:37]} 7. Nb5 {[%clk 01:29:13]} {[%emt 00:00:13]} Qd8 {[%clk
01:29:02]} {[%emt 00:00:32]} 8. Bf4 {[%clk 01:28:45]} {[%emt 00:00:48]} Na6
{[%clk 01:28:22]} {[%emt 00:00:38]} 9. Nbxd4 {[%clk 01:28:30]} {[%emt
00:00:31]} Nc7 {[%clk 01:26:32]} {[%emt 00:01:54]} 10. Bc4 {[%clk 01:27:35]}
{[%emt 00:01:05]} Nf6 {[%clk 01:26:09]} {[%emt 00:00:43]} 11. O-O {[%clk
01:27:29]} {[%emt 00:00:07]} O-O {[%clk 01:25:59]} {[%emt 00:00:29]} 12. Qe2
{[%clk 01:27:18]} {[%emt 00:00:18]} Re8 {[%clk 01:24:57]} {[%emt 00:01:05]} 13.
Rad1 {[%clk 01:26:28]} {[%emt 00:01:01]} Ncd5 {[%clk 01:22:46]} {[%emt
00:02:19]} 14. Be5 {[%clk 01:25:49]} {[%emt 00:00:54]} Qb6 {[%clk 01:17:55]}
{[%emt 00:05:03]} 15. Nb5 {[%clk 01:23:41]} {[%emt 00:02:31]} Be6 {[%clk
01:17:34]} {[%emt 00:00:30]} 16. Bxd5 {[%clk 01:21:30]} {[%emt 00:02:03]} Nxd5
{[%clk 01:17:32]} {[%emt 00:00:11]} 17. Bxg7 {[%clk 01:20:44]} {[%emt
00:00:56]} Kxg7 {[%clk 01:15:42]} {[%emt 00:01:59]} 18. Rxd5 {[%clk 01:20:21]}
{[%emt 00:00:40]} Bxd5 {[%clk 01:14:04]} {[%emt 00:01:43]} 19. Qe5+ {[%clk
01:20:20]} {[%emt 00:00:12]} f6 {[%clk 01:13:45]} {[%emt 00:00:27]} 20. Qxd5
{[%clk 01:20:20]} {[%emt 00:00:32]} Rad8 {[%clk 01:10:47]} {[%emt 00:02:42]} 21.
Qb3 {[%clk 01:19:56]} {[%emt 00:00:36]} e5 {[%clk 01:09:16]} {[%emt 00:01:39]}
22. Re1 {[%clk 01:19:13]} {[%emt 00:00:52]} a6 {[%clk 01:08:28]} {[%emt
00:00:58]} 23. Nbd4 {[%clk 01:18:10]} {[%emt 00:01:12]} Qxb3 {[%clk 01:08:08]}
{[%emt 00:00:31]} 24. Nxb3 {[%clk 01:17:47]} {[%emt 00:00:34]} b6 {[%clk
01:07:44]} {[%emt 00:01:10]} 25. Kf1 {[%clk 01:17:47]} Kf7 {[%clk 01:07:03]}
{[%emt 00:00:23]} 26. a4 {[%clk 01:17:39]} {[%emt 00:00:19]} a5 {[%clk
01:06:22]} {[%emt 00:01:14]} 27. Nfd2 {[%clk 01:17:15]} {[%emt 00:00:10]} Rc8
{[%clk 01:03:27]} {[%emt 00:03:09]} 28. f3 {[%clk 01:16:59]} {[%emt 00:00:23]}
Red8 {[%clk 01:01:55]} {[%emt 00:02:10]} 29. Ke2 {[%clk 01:16:50]} f5 {[%clk
01:00:29]} {[%emt 00:01:26]} 30. Kd1 {[%clk 01:16:21]} {[%emt 00:00:42]} Kf6
{[%clk 00:59:40]} {[%emt 00:00:55]} 31. Kc2 {[%clk 01:16:19]} {[%emt 00:00:13]}
h5 {[%clk 00:58:26]} {[%emt 00:01:26]} 32. h4 {[%clk 01:16:06]} {[%emt
00:00:51]} Re8 {[%clk 00:55:48]} {[%emt 00:02:17]} 33. Nc1 {[%clk 01:15:25]}
{[%emt 00:00:53]} Rc6 {[%clk 00:44:35]} {[%emt 00:11:22]} 34. Na2 {[%clk
01:15:08]} {[%emt 00:00:28]} Rce6 {[%clk 00:42:38]} {[%emt 00:02:06]} 35. c4
{[%clk 01:13:41]} {[%emt 00:01:38]} e4 {[%clk 00:41:44]} {[%emt 00:01:04]} 36.
fxe4 {[%clk 01:13:37]} {[%emt 00:00:42]} fxe4 {[%clk 00:41:41]} {[%emt
00:00:03]} 37. Re3 {[%clk 01:13:31]} {[%emt 00:00:04]} Kf5 {[%clk 00:39:26]}
{[%emt 00:02:18]} 38. Nc3 {[%clk 01:13:28]} {[%emt 00:00:51]} Kg4 {[%clk
00:38:53]} {[%emt 00:00:06]} 39. g3 {[%clk 01:13:03]} {[%emt 00:00:56]} Kf5
{[%clk 00:31:03]} {[%emt 00:07:37]} 40. Nd5 {[%clk 01:12:49]} {[%emt 00:00:26]}
Rc8 {[%clk 00:30:01]} {[%emt 00:01:32]} 41. Kc3 {[%clk 01:12:31]} {[%emt
00:00:07]} Rd6 {[%clk 00:26:50]} {[%emt 00:03:17]} 42. Ne7+ {[%clk 01:12:19]}
{[%emt 00:00:41]} Kg4 {[%clk 00:26:04]} {[%emt 00:00:43]} 43. Nxc8 {[%clk
01:12:19]} {[%emt 00:00:07]} Rd3+ {[%clk 00:26:03]} {[%emt 00:00:28]} 44. Rxd3
{[%clk 01:12:19]} {[%emt 00:00:07]} exd3 {[%clk 00:25:53]} {[%emt 00:00:06]} 45.
Nxb6 {[%clk 01:12:19]} {[%emt 00:00:11]} Kxg3 {[%clk 00:25:43]} {[%emt
00:00:12]} 46. c5 {[%clk 01:12:17]} {[%emt 00:00:10]} Kxh4 {[%clk 00:25:39]}
{[%emt 00:00:15]} 47. c6 {[%clk 01:12:17]} {[%emt 00:00:05]} 1-0

[Event "2024 National Elementary (K-6) Championship"]
[Site "Columbus, Ohio, United States"]
[Date "????.??.??"]
[Round "1.14"]
[White "Whitaker, Avery T"]
[Black "Srinivasan, Sivavishnu"]
[Result "0-1"]
[TimeControl "G/90; d10"]
[BlackFideId "39902242"]
[WhiteElo "1475"]
[BlackElo "2047"]

1. e4 {[%clk 01:30:00]} c6 {[%clk 01:30:00]} 2. d4 {[%clk 01:30:00]} {[%emt
00:00:07]} d5 {[%clk 01:30:00]} {[%emt 00:00:03]} 3. exd5 {[%clk 01:30:00]}
{[%emt 00:00:11]} cxd5 {[%clk 01:30:00]} {[%emt 00:00:09]} 4. Bd3 {[%clk
01:30:00]} Nf6 {[%clk 01:29:59]} {[%emt 00:00:09]} 5. Bf4 {[%clk 01:29:48]}
{[%emt 00:00:20]} Nc6 {[%clk 01:29:59]} {[%emt 00:00:14]} 6. c3 {[%clk
01:29:44]} {[%emt 00:00:10]} e6 {[%clk 01:29:28]} {[%emt 00:00:42]} 7. Nf3
{[%clk 01:29:36]} {[%emt 00:00:16]} Bd6 {[%clk 01:29:28]} {[%emt 00:00:13]} 8.
Bg3 {[%clk 01:29:03]} {[%emt 00:01:03]} O-O {[%clk 01:28:57]} {[%emt 00:01:05]}
9. O-O {[%clk 01:28:51]} Re8 {[%clk 01:28:10]} {[%emt 00:00:35]} 10. Re1 {[%clk
01:28:15]} {[%emt 00:00:46]} a6 {[%clk 01:27:10]} {[%emt 00:01:08]} 11. a4
{[%clk 01:26:05]} {[%emt 00:02:18]} Qc7 {[%clk 01:26:00]} {[%emt 00:01:20]} 12.
Bxd6 {[%clk 01:25:10]} {[%emt 00:01:03]} Qxd6 {[%clk 01:25:55]} {[%emt
00:00:39]} 13. Nbd2 {[%clk 01:24:32]} {[%emt 00:00:26]} b6 {[%clk 01:23:25]}
{[%emt 00:02:40]} 14. Ne5 {[%clk 01:22:16]} {[%emt 00:02:28]} Ne7 {[%clk
01:16:18]} {[%emt 00:07:15]} 15. Qc2 {[%clk 01:19:08]} {[%emt 00:04:01]} h6
{[%clk 01:12:04]} {[%emt 00:03:41]} 16. Nf1 {[%clk 01:11:20]} {[%emt 00:07:55]}
Nf5 {[%clk 01:08:07]} {[%emt 00:04:11]} 17. Bxf5 {[%clk 01:08:21]} {[%emt
00:03:30]} exf5 {[%clk 01:08:00]} {[%emt 00:04:20]} 18. Ng3 {[%clk 00:58:16]}
{[%emt 00:10:33]} Ne4 {[%clk 01:03:42]} {[%emt 00:04:07]} 19. Ne2 {[%clk
00:49:43]} {[%emt 00:08:40]} Rb8 {[%clk 00:47:07]} {[%emt 00:16:48]} 20. Nf4
{[%clk 00:33:41]} {[%emt 00:16:09]} g5 {[%clk 00:40:29]} {[%emt 00:06:51]} 21.
Nfd3 {[%clk 00:28:13]} {[%emt 00:05:35]} f6 {[%clk 00:38:09]} {[%emt 00:02:31]}
22. Nf3 {[%clk 00:25:21]} {[%emt 00:03:02]} f4 {[%clk 00:36:45]} {[%emt
00:02:18]} 23. Nd2 {[%clk 00:23:55]} {[%emt 00:01:35]} Bf5 {[%clk 00:36:19]}
{[%emt 00:00:37]} 24. f3 {[%clk 00:19:00]} {[%emt 00:05:04]} Nxd2 {[%clk
00:36:08]} {[%emt 00:00:38]} 25. Qxd2 {[%clk 00:18:32]} {[%emt 00:00:24]} Kf7
{[%clk 00:34:48]} {[%emt 00:01:46]} 26. Kf2 {[%clk 00:15:08]} {[%emt 00:03:15]}
Qd7 {[%clk 00:29:22]} {[%emt 00:05:36]} 27. Nb4 {[%clk 00:10:34]} {[%emt
00:04:46]} a5 {[%clk 00:28:29]} {[%emt 00:01:01]} 28. Nc2 {[%clk 00:09:59]}
{[%emt 00:00:56]} Rxe1 {[%clk 00:28:11]} {[%emt 00:00:18]} 29. Nxe1 {[%clk
00:09:51]} {[%emt 00:00:20]} Re8 {[%clk 00:26:50]} {[%emt 00:01:30]} 30. h4
{[%clk 00:09:21]} {[%emt 00:00:38]} Re3 {[%clk 00:24:53]} {[%emt 00:02:07]} 31.
hxg5 {[%clk 00:08:25]} {[%emt 00:01:06]} fxg5 {[%clk 00:24:15]} {[%emt
00:00:56]} 32. Qc1 {[%clk 00:05:52]} {[%emt 00:02:36]} Qe6 {[%clk 00:22:55]}
{[%emt 00:01:30]} 33. Qd1 {[%clk 00:04:59]} {[%emt 00:01:03]} g4 {[%clk
00:20:59]} {[%emt 00:02:05]} 34. Ra2 {[%clk 00:03:02]} {[%emt 00:02:07]} g3+
{[%clk 00:20:57]} {[%emt 00:00:12]} 35. Kf1 {[%clk 00:01:44]} {[%emt 00:02:01]}
Rxe1+ {[%clk 00:20:55]} 36. Qxe1 {[%clk 00:01:44]} Bd3+ {[%clk 00:20:55]} 37.
Kg1 {[%clk 00:01:44]} {[%emt 00:00:03]} Qxe1# {[%emt 00:00:35]} 38. Ra1 {[%emt
00:00:05]} 0-1